| 000 -LEADER |
| fixed length control field |
00750cam a2200241Ia 4500 |
| 020 ## - INTERNATIONAL STANDARD BOOK NUMBER |
| ISBN |
9789251058497 |
| 020 ## - INTERNATIONAL STANDARD BOOK NUMBER |
| ISBN |
9251058490 |
| 040 ## - CATALOGING SOURCE |
| Transcribing agency |
NLGGC |
| 082 ## - DEWEY DECIMAL CLASSIFICATION NUMBER |
| Classification number |
641 FOO 2007 A036 Or. |
| 100 1# - MAIN ENTRY--AUTHOR NAME |
| Personal name |
Rolle, Rosa S. |
| 245 10 - TITLE STATEMENT |
| Title |
Good practice for the small-scale production of bottled coconut water / |
| 260 ## - PUBLICATION, DISTRIBUTION, ETC. (IMPRINT) |
| Place of publication |
Rome : |
| Name of publisher |
Food and Agriculture Organization of the United Nations, |
| Year of publication |
2007 |
| 300 ## - PHYSICAL DESCRIPTION |
| Number of Pages |
ix, 35 p. : |
| Other physical details |
col. ill. ; |
| Dimensions |
21 cm |
| 500 ## - GENERAL NOTE |
| General note |
"TC/M/A1418E/1/11/07/2500"--P. [4] of cover |
| 650 #0 - SUBJECT ADDED ENTRY--TOPICAL TERM |
| Topical Term |
Coconut products |
| 650 #0 - SUBJECT ADDED ENTRY--TOPICAL TERM |
| Topical Term |
Coconut products |
| 650 #0 - SUBJECT ADDED ENTRY--TOPICAL TERM |
| Topical Term |
Coconut water |
| 650 #0 - SUBJECT ADDED ENTRY--TOPICAL TERM |
| Topical Term |
Coconut water |
| 650 #0 - SUBJECT ADDED ENTRY--TOPICAL TERM |
| Topical Term |
Beverages |
| 650 #0 - SUBJECT ADDED ENTRY--TOPICAL TERM |
| Topical Term |
Food |
| 710 2# - ADDED ENTRY--CORPORATE NAME |
| Corporate name or jurisdiction name as entry element |
Food and Agriculture Organization of the United Nations |
| 942 ## - ADDED ENTRY ELEMENTS (KOHA) |
| Koha item type |
សៀវភៅភាសាអង់គ្លេស |
| 952 ## - LOCATION AND ITEM INFORMATION (KOHA) |
| Withdrawn status [LOCAL, KOHA] |
0 |